| 000 | 00444 a2200133 4500 | ||
|---|---|---|---|
| 001 | ART_44412 | ||
| 005 | 20260410161756.0 | ||
| 008 | 260409a | ||
| 245 | 1 | 0 | _aModificaciones al Convenio para evitar la doble imposición entre la Argentina y Brasil |
| 100 | 1 | _aGotlib, Gabriel | |
| 700 | 1 | _aFerreyra Fernández, Constanza E. | |
| 700 | 1 | _aKaplún, Brian | |
| 773 | 0 |
_tDoctrina tributaria _g- Nº 452 (nov. 2017) _wREV4296 |
|
| 999 |
_c20131 _d20131 |
||